| 000 | 00515nam a2200181 a 4500 | ||
|---|---|---|---|
| 005 | 20231101063616.0 | ||
| 008 | 020906s1988 mx r 000 0 spa d | ||
| 035 | _aUPN01000118930 | ||
| 049 | _aSEP | ||
| 050 | 4 |
_aLE7.5931 S23 _bU54 |
|
| 245 | 0 | 0 | _aUniversidad Autónoma de Sinaloa 1987. |
| 260 |
_aMéxico : _bSEP : _bANUIES, _c1988. |
||
| 300 |
_a175 p. : _bcuadrs. |
||
| 440 | 0 | _aPrograma institucional de desarrollo | |
| 610 | 2 | 4 |
_aUniversidad Autónoma de Sinaloa _919641 |
| 902 | _aMMA/mva | ||
| 905 | _aLibro | ||
| 999 |
_c91292 _d91292 |
||